[Event "Gelfand Challenge 2021"]
[Site "chess24.com INT"]
[Date "2021.06.11"]
[Round "9.2"]
[White "Bjerre, Jonas Buhl"]
[Black "Mendonca, Leon Luke"]
[Result "1/2-1/2"]
[WhiteTitle "GM"]
[BlackTitle "GM"]
[WhiteElo "2542"]
[BlackElo "2549"]
[WhiteFideId "1444948"]
[BlackFideId "35028561"]
[EventDate "2021.06.10"]

1. e4 c5 2. Nf3 d6 3. d4 cxd4 4. Nxd4 Nf6 5. Nc3 a6 6. Be3 e5 7. Nb3 Be6 8. f3
h5 9. Nd5 Bxd5 10. exd5 Nbd7 11. Qd2 g6 12. O-O-O Nb6 13. Qa5 Bh6 14. Bxh6 Rxh6
15. Qd2 Rh8 16. f4 exf4 17. Qxf4 Kf8 18. Bd3 Kg7 19. Nd4 Re8 20. Rhf1 Nbxd5 21.
Qg5 Ne3 22. Nf5+ Nxf5 23. Rxf5 Ne4 24. Bxe4 Qxg5+ 25. Rxg5 Rxe4 26. Rxd6 Rg4 27.
Rxg4 hxg4 28. Kd2 Rh8 29. Ke3 Rxh2 30. Kf2 Rh5 31. Kg3 Rb5 32. b3 f5 33. c4 Rb4
34. Kf4 Kh6 35. Ke5 Kg5 36. Kd4 a5 37. Kc3 f4 38. a3 f3 39. gxf3 Rxb3+ 40. Kxb3
gxf3 41. Rd7 Kf4 42. Kc2 f2 43. Kd2 f1=N+ 44. Ke1 Ne3 45. c5 Ke4 46. Rxb7 Kd5
47. Rc7 Nc2+ 48. Kd2 Nxa3 49. Rc8 Nc4+ 50. Kc3 Ne5 51. Kb3 Nc6 52. Ka4 Kxc5 53.
Rg8 Ne5 54. Kxa5 Kd5 55. Rxg6 Nxg6 1/2-1/2

[Event "Gelfand Challenge 2021"]
[Site "chess24.com INT"]
[Date "2021.06.11"]
[Round "9.3"]
[White "Lei, Tingjie"]
[Black "Zhu, Jiner"]
[Result "1/2-1/2"]
[WhiteTitle "GM"]
[BlackTitle "WGM"]
[WhiteElo "2505"]
[BlackElo "2462"]
[WhiteFideId "8605114"]
[BlackFideId "8608059"]
[EventDate "2021.06.10"]

1. d4 Nf6 2. c4 e6 3. g3 d5 4. Nf3 Bb4+ 5. Bd2 Be7 6. Bg2 O-O 7. O-O c6 8. Qc2
b6 9. Ne5 Bb7 10. Rd1 Nbd7 11. cxd5 cxd5 12. Nc6 Bxc6 13. Qxc6 Rc8 14. Qb5 Qc7
15. Nc3 Qc4 16. Qxc4 Rxc4 17. e3 Nb8 18. Rac1 a6 19. Bf1 Rcc8 20. Bd3 Rfd8 21.
f3 Kf8 22. Kf2 h6 23. Ne2 b5 24. Ba5 Re8 25. Bc7 Nfd7 26. Rc2 Bd8 27. Bxb8 Rxb8
28. Rc6 Rb6 29. Rdc1 Rxc6 30. Rxc6 Nb8 31. Rc2 Bb6 32. Nc1 Re7 33. Nb3 Rc7 34.
Rxc7 Bxc7 35. Nc5 Ke7 36. a4 bxa4 37. Nxa4 a5 38. Bb5 Nd7 39. g4 Nb6 40. Nc5 Bd6
41. Nd3 a4 42. h4 a3 43. bxa3 Bxa3 44. h5 Bd6 45. e4 dxe4 46. fxe4 Bc7 47. Nc5
e5 48. dxe5 1/2-1/2

[Event "Gelfand Challenge 2021"]
[Site "chess24.com INT"]
[Date "2021.06.11"]
[Round "9.4"]
[White "Abdumalik, Zhansaya"]
[Black "Nihal, Sarin"]
[Result "0-1"]
[WhiteTitle "IM"]
[BlackTitle "GM"]
[WhiteElo "2472"]
[BlackElo "2620"]
[WhiteFideId "13703544"]
[BlackFideId "25092340"]
[EventDate "2021.06.10"]

1. e4 c5 2. Nf3 d6 3. d4 cxd4 4. Nxd4 Nf6 5. Nc3 a6 6. h3 e5 7. Nde2 h5 8. g3
Be7 9. Bg2 b5 10. Bg5 Nbd7 11. h4 Bb7 12. a3 Rc8 13. O-O O-O 14. Qd2 Qb6 15. Be3
Qc7 16. Rac1 Nb6 17. b3 Rfd8 18. Nd5 Nbxd5 19. exd5 Qd7 20. c4 Re8 21. f3 bxc4
22. bxc4 a5 23. Kh2 Qa4 24. Nc3 Qxc4 25. Bh3 Rb8 26. Rfd1 Qa6 27. a4 Qa8 28. g4
hxg4 29. fxg4 Bc8 30. Nb5 Bxg4 31. Nc7 Qb7 32. Rg1 Bxh3 33. Nxe8 Rxe8 34. Kxh3
Qd7+ 35. Kh2 Ng4+ 36. Kh1 Bxh4 37. Rg2 Qf5 38. Qe2 Nxe3 39. Qxe3 g6 40. Kg1 Rb8
41. Kh2 Kg7 42. Rc7 Rb4 43. Rc6 Re4 44. Qd2 Rf4 45. Rxd6 Bf2 0-1

[Event "Gelfand Challenge 2021"]
[Site "chess24.com INT"]
[Date "2021.06.11"]
[Round "9.5"]
[White "Shuvalova, Polina"]
[Black "Yip, Carissa"]
[Result "1/2-1/2"]
[WhiteTitle "IM"]
[BlackTitle "IM"]
[WhiteElo "2489"]
[BlackElo "2430"]
[WhiteFideId "24171760"]
[BlackFideId "2090732"]
[EventDate "2021.06.10"]

1. e4 g6 2. d4 Bg7 3. Nc3 d6 4. Be3 c6 5. Qd2 Nd7 6. f4 b5 7. a3 Nb6 8. Nf3 a5
9. Bd3 Nf6 10. h3 O-O 11. O-O Bb7 12. Rf2 Rc8 13. b4 axb4 14. axb4 Ra8 15. Raf1
Ra3 16. f5 Nc4 17. Bxc4 bxc4 18. fxg6 hxg6 19. Ng5 c5 20. Nb5 Rxe3 21. Qxe3 Qb6
22. e5 Qxb5 23. exf6 exf6 24. Ne4 Bxe4 25. Qxe4 f5 26. Qd5 Bxd4 27. c3 Bxf2+ 28.
Rxf2 Re8 29. Rf4 Qa4 30. bxc5 dxc5 31. Rxc4 Qa1+ 32. Kh2 Re1 33. Qxc5 Rh1+ 34.
Kg3 Rf1 35. Qe5 Qe1+ 36. Qxe1 Rxe1 37. Kf3 Kf8 38. Rd4 Ke7 39. Rd3 Rc1 40. Kf4
Kf6 41. Rd6+ Ke7 42. Rd3 Kf6 43. Rd6+ Ke7 44. Rc6 Kd7 45. Rc4 Ke6 46. Rc7 Rc2
47. g3 Kf6 48. Rc6+ Ke7 49. g4 fxg4 50. hxg4 Kd7 51. Rc4 Ke6 52. Kg5 f5 53. Kxg6
fxg4 54. Rxg4 Rxc3 55. Kg5 Rc5+ 56. Kf4 Rc4+ 57. Kf3 Rxg4 58. Kxg4 1/2-1/2

[Event "Gelfand Challenge 2021"]
[Site "chess24.com INT"]
[Date "2021.06.11"]
[Round "9.6"]
[White "Mammadzada, Gunay"]
[Black "Abdusattorov, Nodirbek"]
[Result "1-0"]
[WhiteTitle "IM"]
[BlackTitle "GM"]
[WhiteElo "2443"]
[BlackElo "2634"]
[WhiteFideId "13403729"]
[BlackFideId "14204118"]
[EventDate "2021.06.10"]

1. e4 d5 2. exd5 Qxd5 3. Nc3 Qa5 4. d4 Nf6 5. Bc4 Bf5 6. Nf3 e6 7. Bd2 Bb4 8. a3
Bxc3 9. Bxc3 Qb6 10. Qe2 O-O 11. Bb4 Re8 12. O-O-O Na6 13. Bxa6 bxa6 14. Ne5
Rab8 15. Rhe1 Red8 16. g4 Bg6 17. h4 Nd5 18. c3 Nxb4 19. axb4 a5 20. b5 Rd5 21.
c4 Rxd4 22. h5 Re4 23. Qd2 Rxe1 24. Rxe1 Qc5 25. hxg6 hxg6 26. Kb1 Re8 27. Qd7
Rf8 28. Nc6 1-0

[Event "Gelfand Challenge 2021"]
[Site "chess24.com INT"]
[Date "2021.06.11"]
[Round "9.7"]
[White "Saduakassova, Dinara"]
[Black "Murzin, Volodar"]
[Result "1/2-1/2"]
[WhiteTitle "IM"]
[BlackTitle "IM"]
[WhiteElo "2500"]
[BlackElo "2502"]
[WhiteFideId "13700090"]
[BlackFideId "44155573"]
[EventDate "2021.06.10"]

1. d4 Nf6 2. c4 g6 3. g3 Bg7 4. Bg2 O-O 5. Nc3 d6 6. Nf3 Nbd7 7. O-O e5 8. e4 a6
9. h3 b5 10. dxe5 dxe5 11. Be3 Bb7 12. Qc2 bxc4 13. Rfd1 Qe7 14. Nd2 Qe6 15. Na4
Bc6 16. Nxc4 Rab8 17. Nc5 Nxc5 18. Bxc5 Rfd8 19. b3 Ba8 20. Rxd8+ Rxd8 21. Rd1
Rxd1+ 22. Qxd1 Nd7 23. Be3 Bf8 24. Nb2 Qc6 25. Qd3 Be7 26. Qc4 Bc5 27. Bxc5 Nxc5
28. Nd3 Nd7 29. Qxc6 Bxc6 30. f3 Kf8 31. Kf2 Ke7 32. Ke3 Kd6 33. Bf1 Bb5 34. a4
Bxd3 35. Bxd3 a5 36. Bc4 f6 37. Kd3 Kc5 38. Kc3 g5 39. h4 h6 40. Be6 Nb8 41. Bd5
Na6 42. Bc4 Nb4 43. Bb5 Na2+ 44. Kb2 Nb4 45. Kc3 c6 46. Bc4 Na2+ 47. Kb2 Nb4 48.
Kc3 Kd6 49. Be2 Kc5 50. Bc4 1/2-1/2

[Event "Gelfand Challenge 2021"]
[Site "chess24.com INT"]
[Date "2021.06.11"]
[Round "9.8"]
[White "Yoo, Christopher Woojin"]
[Black "Khademalsharieh, Sarasadat"]
[Result "1/2-1/2"]
[WhiteTitle "IM"]
[BlackTitle "IM"]
[WhiteElo "2457"]
[BlackElo "2494"]
[WhiteFideId "30909694"]
[BlackFideId "12512214"]
[EventDate "2021.06.10"]

1. e4 e5 2. Nf3 Nc6 3. c3 d5 4. Qa4 f6 5. d3 Be6 6. Be3 Qd7 7. Nbd2 Nge7 8. d4
exd4 9. Nxd4 Nxd4 10. Qxd7+ Bxd7 11. Bxd4 dxe4 12. Nxe4 Nc6 13. Be3 O-O-O 14.
O-O-O Be7 15. Be2 Rhe8 16. Rxd7 Rxd7 17. Bg4 Ne5 18. Bxd7+ Kxd7 19. h3 Nc4 20.
Bf4 Ba3 21. Nxf6+ gxf6 22. bxa3 Re2 23. Rd1+ Kc6 24. Rd4 b5 25. a4 Rxa2 26.
axb5+ Kxb5 27. Bg3 a5 28. Rd7 Ka4 29. Rxc7 Kb3 30. Kd1 a4 31. Bh4 Ra1+ 32. Ke2
a3 33. Rb7+ Kc2 34. Bxf6 a2 35. Ra7 Kb3 36. Rb7+ Ka4 37. Ra7+ Kb3 38. Rb7+ Ka4
39. Rb4+ Ka3 40. Be7 Nb2 41. Rb8+ Ka4 42. Ra8+ Kb3 43. Ra3+ Kc4 44. Bf6 Nd3 45.
Kf3 Nc1 46. Ra4+ Kb5 47. Ra8 Kc4 48. Rc8+ Kb3 49. Rb8+ Kc4 50. Rc8+ Kb3 51. c4
Rb1 52. Ra8 Kxc4 53. Ke4 Rb6 54. Be5 Kb3 55. f4 Rb4+ 56. Ke3 Rb5 57. Kd2 Rc5 58.
g4 Rc2+ 59. Kd1 Rc5 60. Kd2 Rc2+ 61. Kd1 Rc5 62. Rb8+ Ka4 63. Ra8+ Kb3 1/2-1/2

[Event "Gelfand Challenge 2021"]
[Site "chess24.com INT"]
[Date "2021.06.11"]
[Round "9.9"]
[White "Gukesh, D"]
[Black "Liang, Awonder"]
[Result "1-0"]
[WhiteTitle "GM"]
[BlackTitle "GM"]
[WhiteElo "2578"]
[BlackElo "2592"]
[WhiteFideId "46616543"]
[BlackFideId "2056437"]
[EventDate "2021.06.10"]

1. d4 Nf6 2. c4 b6 3. Nc3 Bb7 4. Qc2 d5 5. cxd5 Nxd5 6. e4 Nxc3 7. bxc3 e5 8.
Nf3 exd4 9. Bc4 d3 10. Qb3 Qe7 11. Ng5 Nd7 12. Bxf7+ Kd8 13. Be3 h6 14. Bd5 Kc8
15. Nf7 Rh7 16. Rd1 Nf6 17. Be6+ Kb8 18. e5 Bc8 19. Bxc8 Kxc8 20. exf6 gxf6 21.
Qd5 Rb8 22. Qf5+ 1-0

[Event "Gelfand Challenge 2021"]
[Site "chess24.com INT"]
[Date "2021.06.11"]
[Round "9.10"]
[White "Badelka, Olga"]
[Black "Salimova, Nurgyul"]
[Result "0-1"]
[WhiteTitle "IM"]
[BlackTitle "IM"]
[WhiteElo "2418"]
[BlackElo "2395"]
[WhiteFideId "13509926"]
[BlackFideId "2915138"]
[EventDate "2021.06.10"]

1. d4 Nf6 2. c4 e6 3. Nf3 d5 4. g3 Be7 5. Bg2 O-O 6. Qc2 c5 7. dxc5 Na6 8. O-O
Nxc5 9. b4 Nce4 10. a3 a5 11. b5 Bd7 12. cxd5 exd5 13. a4 Rc8 14. Qd1 Bc5 15.
Ba3 Re8 16. Bxc5 Rxc5 17. h3 Qc8 18. Kh2 h5 19. e3 Rc2 20. Nbd2 h4 21. gxh4 Qc7+
22. Kg1 Nc3 23. Qe1 Nfe4 24. Nxe4 Nxe4 25. Nd4 Rc4 26. Rc1 b6 27. Qd1 Rxc1 28.
Qxc1 Qd6 29. Nc6 Qg6 30. Kh1 Qh5 31. Kh2 Qxh4 32. Qe1 Qh6 33. f3 Nc5 34. Qg3
Bxc6 35. bxc6 Qxc6 36. Rg1 Qf6 37. f4 Ne4 38. Bxe4 Rxe4 39. Kh1 Rxa4 40. Qg4 Ra1
41. Qc8+ Kh7 42. Qc2+ g6 43. Rxa1 Qxa1+ 44. Kh2 Qf6 45. Qb3 Qe6 46. Qc3 a4 47.
h4 Qf5 48. Kg3 b5 49. Kf2 d4 50. Qxd4 a3 51. Qa7 b4 52. Kg3 Qe6 53. e4 a2 54. f5
gxf5 55. exf5 Qe5+ 56. Kg4 Qg7+ 0-1

[Event "Gelfand Challenge 2021"]
[Site "chess24.com INT"]
[Date "2021.06.11"]
[Round "10.1"]
[White "Keymer, Vincent"]
[Black "Salimova, Nurgyul"]
[Result "1/2-1/2"]
[WhiteTitle "GM"]
[BlackTitle "IM"]
[WhiteElo "2591"]
[BlackElo "2395"]
[WhiteFideId "12940690"]
[BlackFideId "2915138"]
[EventDate "2021.06.10"]

1. Nf3 d5 2. e3 Nf6 3. c4 e6 4. Nc3 Bd6 5. b3 O-O 6. Bb2 c6 7. h3 Re8 8. d4 Nbd7
9. Bd3 e5 10. dxe5 Nxe5 11. cxd5 Nxf3+ 12. Qxf3 Be5 13. O-O Qa5 14. Rfc1 Nxd5
15. Na4 Bxb2 16. Nxb2 Be6 17. Bc4 Rad8 18. Nd3 b5 19. Bxd5 Bxd5 20. Qe2 Rd6 21.
Nf4 Be4 22. Rd1 Rf6 23. Qg4 Bf5 24. Qg3 h6 25. a3 Qc3 26. b4 a5 27. bxa5 Qxa5
28. Rdc1 Be4 29. Rc5 Qd2 30. Rac1 Kh7 31. R5c3 Re5 32. f3 Bd5 33. Qf2 Qxf2+ 34.
Kxf2 Bc4 35. Rd1 c5 36. a4 Ra6 37. axb5 Ra2+ 38. Kg3 Rg5+ 39. Kh2 Bxb5 40. h4
Re5 41. Kg3 g5 42. hxg5 hxg5 43. Nd5 Bf1 44. Nf6+ Kg6 45. Rxf1 Kxf6 46. e4 Ke6
47. Rb1 f5 48. Rb6+ Kf7 49. Rb7+ Kf6 50. Rb6+ Kf7 51. Rd3 fxe4 52. Rd7+ Re7 53.
Rxe7+ Kxe7 54. fxe4 c4 55. Rc6 Rc2 56. Kf3 Kd7 57. Rc5 g4+ 58. Kxg4 Rxg2+ 59.
Kf5 Rc2 60. Rd5+ Ke7 61. Ke5 c3 62. Rd3 Rc1 63. Rh3 c2 64. Rh2 Kd7 65. Rg2 Kc6
66. Ke6 Kc5 67. e5 Kb4 68. Ke7 Re1 69. Rxc2 Rxe5+ 70. Kd6 Rh5 1/2-1/2

[Event "Gelfand Challenge 2021"]
[Site "chess24.com INT"]
[Date "2021.06.11"]
[Round "10.2"]
[White "Liang, Awonder"]
[Black "Badelka, Olga"]
[Result "1-0"]
[WhiteTitle "GM"]
[BlackTitle "IM"]
[WhiteElo "2592"]
[BlackElo "2418"]
[WhiteFideId "2056437"]
[BlackFideId "13509926"]
[EventDate "2021.06.10"]

1. e4 c5 2. Nc3 d6 3. Bb5+ Bd7 4. a4 Nf6 5. f4 e6 6. Nf3 a6 7. Bxd7+ Qxd7 8. O-O
Nc6 9. d3 Be7 10. Qe1 O-O 11. Qg3 Kh8 12. e5 dxe5 13. fxe5 Nd5 14. Ne4 Nd4 15.
Nxd4 cxd4 16. Bg5 f6 17. exf6 gxf6 18. Bh6 Rg8 19. Qh3 Rg6 20. Bf4 Rag8 21. Bg3
Ne3 22. Rf2 Ng4 23. Rf4 Rh6 24. Qxg4 Rxg4 25. Rxg4 Rg6 26. Rf4 f5 27. Nd2 Bg5
28. Nc4 Bxf4 29. Bxf4 Qd5 30. g3 Qf3 31. Rf1 Qe2 32. Rf2 Qd1+ 33. Kg2 Kg8 34.
Ne5 Rg7 35. Nf3 Rd7 36. Rd2 Qa1 37. b3 Qc3 38. Re2 Qc6 39. Kf2 Re7 40. Be5 b5
41. axb5 axb5 42. Bxd4 e5 43. Bxe5 Rxe5 44. Nxe5 Qh1 45. Nf3 Qc1 46. d4 Qa3 47.
Kg2 Qd6 48. Rd2 Qd5 49. Re2 b4 50. Re5 Qc6 51. Rc5 Qe6 52. Kf2 Qe4 53. d5 f4 54.
gxf4 Qxf4 55. Rc4 Qd6 56. Rd4 Kf7 57. Ke3 Ke8 58. h4 Kd8 59. Rd3 Qc5+ 60. Kd2
Qd6 61. Kc1 Qf4+ 62. Kb1 Qd6 63. Ng5 h5 64. Nf7+ 1-0

[Event "Gelfand Challenge 2021"]
[Site "chess24.com INT"]
[Date "2021.06.11"]
[Round "10.3"]
[White "Khademalsharieh, Sarasadat"]
[Black "Gukesh, D"]
[Result "0-1"]
[WhiteTitle "IM"]
[BlackTitle "GM"]
[WhiteElo "2494"]
[BlackElo "2578"]
[WhiteFideId "12512214"]
[BlackFideId "46616543"]
[EventDate "2021.06.10"]

1. d4 d5 2. c4 e6 3. Nc3 Nf6 4. cxd5 exd5 5. Bg5 Be7 6. e3 O-O 7. Bd3 Nbd7 8.
Nge2 c6 9. Qc2 Re8 10. O-O Nf8 11. f3 g6 12. Rad1 Ne6 13. Bh4 a6 14. Kh1 Qc7 15.
Bg3 Bd6 16. Qc1 Bxg3 17. Nxg3 b6 18. e4 Qf4 19. Nce2 Qxc1 20. Rxc1 Bb7 21. e5
Nd7 22. f4 c5 23. h4 cxd4 24. Kg1 Ndc5 25. Rfd1 Rac8 26. f5 Nxd3 27. Rxc8 Bxc8
28. Rxd3 Nc5 29. Rxd4 Rxe5 30. Nf4 Bb7 31. a4 Kg7 32. Rb4 Nd7 33. a5 b5 34. Rb3
Nc5 35. Rc3 d4 36. Rc1 d3 37. Kf2 d2 38. Rd1 Nb3 39. fxg6 hxg6 40. Nf1 Re4 41.
Ne2 Rxh4 42. Nxd2 Nxa5 43. Nf1 Rb4 44. Rd2 Nc4 45. Rd7 Bc8 46. Rc7 Bg4 0-1

[Event "Gelfand Challenge 2021"]
[Site "chess24.com INT"]
[Date "2021.06.11"]
[Round "10.4"]
[White "Murzin, Volodar"]
[Black "Yoo, Christopher Woojin"]
[Result "1-0"]
[WhiteTitle "IM"]
[BlackTitle "IM"]
[WhiteElo "2502"]
[BlackElo "2457"]
[WhiteFideId "44155573"]
[BlackFideId "30909694"]
[EventDate "2021.06.10"]

1. e4 e6 2. d3 d5 3. Nd2 Nf6 4. Ngf3 Nc6 5. c3 dxe4 6. dxe4 Bc5 7. Be2 O-O 8.
O-O Qe7 9. b4 Bd6 10. Qc2 Nd7 11. Nc4 Nde5 12. Ncxe5 Nxe5 13. Nxe5 Bxe5 14. f4
Bf6 15. e5 Bh4 16. g3 f6 17. gxh4 fxe5 18. fxe5 Rxf1+ 19. Bxf1 Qxh4 20. Qf2 Qg4+
21. Qg3 Qd1 22. Bh6 Qd7 23. Rd1 1-0

[Event "Gelfand Challenge 2021"]
[Site "chess24.com INT"]
[Date "2021.06.11"]
[Round "10.5"]
[White "Abdusattorov, Nodirbek"]
[Black "Saduakassova, Dinara"]
[Result "1-0"]
[WhiteTitle "GM"]
[BlackTitle "IM"]
[WhiteElo "2634"]
[BlackElo "2500"]
[WhiteFideId "14204118"]
[BlackFideId "13700090"]
[EventDate "2021.06.10"]

1. d4 Nf6 2. c4 e6 3. Nc3 Bb4 4. g3 O-O 5. Bg2 d5 6. Nf3 dxc4 7. a3 Bxc3+ 8.
bxc3 c5 9. O-O Bd7 10. Ne5 Bc6 11. Nxc6 Nxc6 12. dxc5 Qa5 13. Bxc6 bxc6 14. Qd4
Rfd8 15. Qxc4 Rd5 16. Be3 Rad8 17. f3 Nd7 18. Qb4 Qa6 19. c4 Re5 20. Qc3 f6 21.
Rfd1 Qc8 22. Rab1 Nf8 23. Rxd8 Qxd8 24. Bf4 Rxc5 25. Rb8 Qd1+ 26. Kf2 a5 27. Qd3
Qh1 28. Rxf8+ Kxf8 29. Qd8+ Kf7 30. Qd7+ 1-0

[Event "Gelfand Challenge 2021"]
[Site "chess24.com INT"]
[Date "2021.06.11"]
[Round "10.6"]
[White "Yip, Carissa"]
[Black "Mammadzada, Gunay"]
[Result "1/2-1/2"]
[WhiteTitle "IM"]
[BlackTitle "IM"]
[WhiteElo "2430"]
[BlackElo "2443"]
[WhiteFideId "2090732"]
[BlackFideId "13403729"]
[EventDate "2021.06.10"]

1. Nf3 d5 2. g3 c6 3. Bg2 Bg4 4. c4 e6 5. O-O Nf6 6. cxd5 exd5 7. h3 Bh5 8. d3
Nbd7 9. Qc2 Be7 10. Nc3 Bxf3 11. Bxf3 Ne5 12. Bg2 d4 13. Ne4 Nd5 14. a3 O-O 15.
b4 a5 16. Bb2 axb4 17. Bxd4 Ng6 18. axb4 Rxa1 19. Rxa1 Ndf4 20. Bc5 f5 21. Nc3
Nxg2 22. Kxg2 Kh8 23. e3 Ne5 24. d4 Nd7 25. Bxe7 Qxe7 26. Qb3 h5 27. h4 Nb6 28.
Ne2 Nd5 29. b5 Qe4+ 30. Kg1 Qf3 31. bxc6 bxc6 32. Qd1 Rb8 33. Nf4 Qxd1+ 34. Rxd1
Nxf4 35. gxf4 Kh7 36. Rc1 Rb6 37. Rc5 Kg6 38. Kg2 Kf6 39. Kf3 g6 40. Kg3 Ra6 41.
f3 Kg7 42. e4 fxe4 43. fxe4 Ra4 44. d5 cxd5 45. exd5 Rd4 46. Kf3 Kf6 47. Rc6+
Kf5 48. d6 Rxf4+ 49. Ke3 Re4+ 50. Kd3 Re8 51. Kd4 Ke6 52. d7+ Kxd7 53. Rxg6 Ra8
54. Rg7+ Ke6 55. Rg6+ Kf7 56. Rc6 Ra4+ 57. Rc4 Rxc4+ 58. Kxc4 Kf6 59. Kd4 Kf5
60. Ke3 Kg4 61. Kf2 Kxh4 62. Kg2 Kg4 63. Kh2 h4 64. Kg2 h3+ 1/2-1/2

[Event "Gelfand Challenge 2021"]
[Site "chess24.com INT"]
[Date "2021.06.11"]
[Round "10.7"]
[White "Nihal, Sarin"]
[Black "Shuvalova, Polina"]
[Result "1/2-1/2"]
[WhiteTitle "GM"]
[BlackTitle "IM"]
[WhiteElo "2620"]
[BlackElo "2489"]
[WhiteFideId "25092340"]
[BlackFideId "24171760"]
[EventDate "2021.06.10"]

1. b3 Nf6 2. Bb2 e6 3. Nf3 Be7 4. g3 O-O 5. Bg2 d5 6. c4 b6 7. cxd5 Nxd5 8. O-O
Bb7 9. d4 Nd7 10. Nbd2 c5 11. Rc1 Rc8 12. dxc5 Bxc5 13. Nc4 b5 14. Nce5 Nxe5 15.
Nxe5 Qe7 16. Nd3 Ba3 17. Qd2 Bxb2 18. Qxb2 Nb4 19. Nxb4 Bxg2 20. Kxg2 Qxb4 21.
Qe5 h6 22. Rxc8 Rxc8 23. Rd1 Qa3 24. Qxb5 Qxa2 25. Rd7 a6 26. Qb7 Rf8 27. e3 a5
28. Rd4 Qc2 29. Rc4 Qd1 30. h4 Rd8 31. Rc5 a4 32. bxa4 Qxa4 33. Rc7 Rf8 34. Rd7
Qg4 35. e4 h5 36. Rc7 Qe2 37. Rc3 g6 38. Rc8 Rxc8 39. Qxc8+ Kg7 40. Qc3+ Kg8 41.
Qc8+ Kg7 42. Qc3+ Kg8 43. Qc8+ 1/2-1/2

[Event "Gelfand Challenge 2021"]
[Site "chess24.com INT"]
[Date "2021.06.11"]
[Round "10.8"]
[White "Zhu, Jiner"]
[Black "Abdumalik, Zhansaya"]
[Result "0-1"]
[WhiteTitle "WGM"]
[BlackTitle "IM"]
[WhiteElo "2462"]
[BlackElo "2472"]
[WhiteFideId "8608059"]
[BlackFideId "13703544"]
[EventDate "2021.06.10"]

1. e4 e5 2. Nf3 Nc6 3. Bb5 Nf6 4. O-O Nxe4 5. Re1 Nd6 6. Nxe5 Nxe5 7. Rxe5+ Be7
8. Bf1 O-O 9. d4 Bf6 10. Re1 Re8 11. c3 b6 12. Bf4 Bb7 13. Na3 Ne4 14. Bd3 g6
15. Nc4 d5 16. Ne5 Bg7 17. Ng4 Qd7 18. Nh6+ Kh8 19. Qf3 f5 20. Qh3 c5 21. dxc5
bxc5 22. Rad1 d4 23. f3 Nf6 24. Be5 Rxe5 25. Rxe5 Nd5 26. Re2 Nf4 27. Qh4 Nxe2+
28. Bxe2 Re8 29. Bf1 Qe7 0-1

[Event "Gelfand Challenge 2021"]
[Site "chess24.com INT"]
[Date "2021.06.11"]
[Round "10.9"]
[White "Mendonca, Leon Luke"]
[Black "Lei, Tingjie"]
[Result "1/2-1/2"]
[WhiteTitle "GM"]
[BlackTitle "GM"]
[WhiteElo "2549"]
[BlackElo "2505"]
[WhiteFideId "35028561"]
[BlackFideId "8605114"]
[EventDate "2021.06.10"]

1. d4 Nf6 2. Nf3 d5 3. c4 e6 4. Nc3 Bb4 5. cxd5 exd5 6. Bf4 c6 7. e3 Bf5 8. Be2
Nbd7 9. O-O O-O 10. Qb3 Bxc3 11. bxc3 b5 12. a4 a6 13. Ne5 Nxe5 14. Bxe5 Nd7 15.
Bf4 Re8 16. Qb4 Nb6 17. a5 Nc4 18. Bxc4 dxc4 19. Rfe1 Re6 20. f3 Bd3 21. e4 Qd7
22. Qc5 Rae8 23. Kf2 h6 24. h3 Rf6 25. Be5 Rfe6 26. Bf4 Qd8 27. g4 Qh4+ 28. Kg2
Bxe4 29. Rxe4 Rxe4 30. fxe4 Rxe4 31. Bg3 Re2+ 32. Kf3 Re3+ 33. Kxe3 Qxg3+ 34.
Ke2 Qg2+ 35. Ke3 Qg3+ 36. Ke2 Qg2+ 37. Ke3 Qg3+ 1/2-1/2

[Event "Gelfand Challenge 2021"]
[Site "chess24.com INT"]
[Date "2021.06.11"]
[Round "10.10"]
[White "Praggnanandhaa, R"]
[Black "Bjerre, Jonas Buhl"]
[Result "1-0"]
[WhiteTitle "GM"]
[BlackTitle "GM"]
[WhiteElo "2608"]
[BlackElo "2542"]
[WhiteFideId "25059530"]
[BlackFideId "1444948"]
[EventDate "2021.06.10"]

1. d4 Nf6 2. c4 e6 3. Nc3 Bb4 4. e3 O-O 5. Bd2 c5 6. a3 Bxc3 7. Bxc3 Ne4 8. Ne2
b6 9. d5 Ba6 10. Qc2 exd5 11. cxd5 Re8 12. Ng3 Nxc3 13. Bxa6 Nxa6 14. Qxc3 Nc7
15. Rd1 Qg5 16. Qd3 Qg6 17. Qxg6 hxg6 18. Ke2 Re5 19. e4 Rae8 20. Kd2 g5 21. f3
Nb5 22. h4 Nd6 23. Kc1 g6 24. h5 f5 25. hxg6 fxe4 26. Rh7 R8e7 27. Rdh1 Rxh7 28.
Rxh7 e3 29. Kd1 Rxd5+ 30. Ke2 Nc4 31. Ne4 Rf5 32. Rxd7 Rf8 33. Nxg5 Ne5 34. Rxa7
Nxg6 35. Ne6 Rf6 36. Ra8+ Kh7 37. Ng5+ Kh6 38. Ne4 Nf4+ 39. Kxe3 Nxg2+ 40. Kf2
Rg6 41. Rf8 Kg7 42. Rf5 c4 43. Ng3 Nh4 44. Rf4 1-0

[Event "Gelfand Challenge 2021"]
[Site "chess24.com INT"]
[Date "2021.06.12"]
[Round "11.1"]
[White "Bjerre, Jonas Buhl"]
[Black "Keymer, Vincent"]
[Result "0-1"]
[WhiteTitle "GM"]
[BlackTitle "GM"]
[WhiteElo "2542"]
[BlackElo "2591"]
[WhiteFideId "1444948"]
[BlackFideId "12940690"]
[EventDate "2021.06.10"]

1. d4 Nf6 2. c4 e6 3. Nf3 d5 4. g3 Bb4+ 5. Nbd2 dxc4 6. Bg2 b5 7. O-O O-O 8. a4
c6 9. Ne1 Nd5 10. Nc2 Be7 11. e4 Nb6 12. a5 N6d7 13. e5 Bb7 14. Ne4 Qc8 15. Qh5
c5 16. Bg5 Bxg5 17. Nd6 Bxg2 18. Nxc8 Bxf1 19. Kxf1 Rxc8 20. Qxg5 Nc6 21. dxc5
Nxc5 22. Qe3 Nd3 23. b3 Ndxe5 24. bxc4 Nxc4 25. Qg5 a6 26. Ne3 h6 27. Qf4 N6xa5
28. Ng4 Rd8 29. Qc7 Rac8 30. Qe7 Nc6 31. Qb7 Nb4 32. Kg2 h5 33. Rb1 Nd5 34. Ne3
Ncxe3+ 35. fxe3 Nxe3+ 36. Kf3 Rc3 37. Qxa6 Nf5+ 38. Kg2 Rd2+ 39. Kg1 Nd4 40.
Qa8+ Kh7 41. Qe4+ f5 42. Qb7 Nf3+ 43. Kf1 Nxh2+ 44. Ke1 Nf3+ 45. Kf1 Ng5 46. Ke1
Ne4 47. Qf7 Re3+ 48. Kf1 Nxg3+ 49. Kg1 Ree2 50. Qb7 Ne4 51. Qxb5 Rg2+ 52. Kf1
Rdf2+ 53. Ke1 Rg1+ 54. Qf1 Rgxf1# 0-1

[Event "Gelfand Challenge 2021"]
[Site "chess24.com INT"]
[Date "2021.06.12"]
[Round "11.2"]
[White "Lei, Tingjie"]
[Black "Praggnanandhaa, R"]
[Result "0-1"]
[WhiteTitle "GM"]
[BlackTitle "GM"]
[WhiteElo "2505"]
[BlackElo "2608"]
[WhiteFideId "8605114"]
[BlackFideId "25059530"]
[EventDate "2021.06.10"]

1. e4 c5 2. Nf3 d6 3. d4 cxd4 4. Nxd4 Nf6 5. Nc3 Nc6 6. Bg5 e6 7. Qd2 a6 8.
O-O-O Be7 9. f4 Bd7 10. Nf3 b5 11. Bxf6 gxf6 12. Kb1 Qb6 13. Bd3 O-O-O 14. Rhe1
Kb7 15. g4 Rhg8 16. g5 fxg5 17. Nd5 exd5 18. exd5 Bf6 19. dxc6+ Bxc6 20. Nxg5
Rg7 21. Nxh7 Bh4 22. Re3 f6 23. Rh3 Rg2 24. Qc3 Rg1 25. Be2 Re8 26. Qd3 Qf2 27.
Rxg1 Qxg1+ 28. Bd1 Re1 29. Kc1 Qg4 30. b3 Rxd1+ 31. Qxd1 Qxh3 32. Qxd6 Qd7 33.
Qxd7+ Bxd7 34. Kd2 Bf5 35. Nf8 Kc7 0-1